Normal view
MARC view
Entry Topical Term
001 - CONTROL NUMBER
- control field: 245706
003 - CONTROL NUMBER IDENTIFIER
- control field: OSt
005 - DATE AND TIME OF LATEST TRANSACTION
- control field: 20251115112830.0
008 - FIXED-LENGTH DATA ELEMENTS
- fixed length control field: 251115|| aca||aabn | a|a d
040 ## - CATALOGING SOURCE
- Original cataloging agency: OSt
- Transcribing agency: OSt
150 ## - HEADING--TOPICAL TERM
- Topical term or geographic name entry element: adhunika krantikaraka nataka
670 ## - SOURCE DATA FOUND
- Source citation: Work cat.: (OSt)124652: MAHANTESHA SHASTRI 161492 ಮಹಾಂತೇಶ ಶಾಸ್ತ್ರಿ , Nararakshasi athava Hennina hambala:, 1942